Quizzes
Events
Quiz Creation
Community
Videos
Private Events
Remove Ads
Sign In
Join for FREE
Feedback
Dark Mode
Quiz Categories
Sports
Geography
Music
Movies
Television
Just For Fun
Miscellaneous
History
Literature
Language
Science
Gaming
Entertainment
Religion
Holiday
For Kids
Quiz Lab
Recent
Popular Today
Quiz Kudos Today
Editor Picks
Curator Picks
Quizzes by...
Day
Popularity
Type
Ratings
Length
Year
Community
Subscriptions
Recent Discussions
Orange Saloon
Badges
Playlists
Quests
Create
Leaderboards
Showdown
Live 5
Trivia Bingo
Activity
Puzzle Library
Sporcle Events
Private Events
Virtual Trivia
Globe League
Become a Host
Pub Owners
SporcleCon
Opinionation
Our Games
Videos
Blog
Mobile Apps
Partnerships
Remove Ads and Go Orange
Feedback
Geography
Country
Landmarks
City
State
Population
World
Capital
Continent
Flags
Europe
Africa
Asia
South America
North America
Oceania
Border
Canada
United Kingdom
Topography
United States
Geography
Country
Landmarks
City
State
Population
World
Capital
Continent
Flags
Europe
Africa
Asia
South America
North America
Oceania
Border
Canada
United Kingdom
Topography
United States
Random Quiz
Search Sporcle
×
Quiz Lab
Quiz Lab
Geography
University
Type in answers that appear in a list
Type in answers that appear in a list
Classic
Best Score? Go Orange.
Central Michigan University Buildings Stats
Can you name the Central Michigan University Buildings?
By
heckyapotato
10m
55 Questions
129 Plays
129 Plays
129 Plays
Comments
Comments
Give Quiz Kudos
Give Quiz Kudos
-
- Ratings
hide this ad
Replay
Link that replays current quiz
Next Quiz
Link to next quiz in quiz playlist
You Got
0%
They Got
Avg Score
38%
Avg Friend Score
Upgrade to see
Score Distribution
Jump to the score distribution portion of the page
Score
0/55
Timer
10:00
0
Plays Today
Hints
Building Name
% Correct
Houses the departments of English; history; journalism; philosophy and religion; political science; and sociology, anthropology and social work
Anspach Hall
81.4%
Houses the CMU Bookstore
Bovee University Center
70.5%
Moving bookshelves!
Park Library
65.9%
They appear to work out
Student Activity Center
65.9%
Built on the ruins of Old Main, Central's first building, which burned in 1925
Warriner Hall
57.4%
Oldest building at Central Michigan University
Grawn Hall
56.6%
Served as Central's main athletic building before the construction of buildings currently used today
Finch Field House
55.8%
Houses the departments of broadcast and cinematic arts, communication disorders, and speech communication and dramatic arts
Moore Hall
54.3%
The arena’s wooden basketball court was purchased in the summer of 1986 after being used just once for the 1986 NBA All-
Star Game
Rose Arena
54.3%
Home to the Science and Technology Residential College students
Woldt Hall
54.3%
First at CMU and the second in the country to have individual bathrooms in each suite
Robinson Hall
50.4%
Consists of four person, single bedroom, two bathroom suites
Kulhavi Hall
49.6%
Has an Observatory on the roof
Brooks Hall
48.8%
Houses chemistry, geography and physics
Dow Hall
48.8%
Home of the Department of Mathematics,Computer Science, and Foreign Languages, Literatures and Cultures
Pearce Hall
48.8%
Home to Health Professionals Residential College students
Emmons Hall
47.3%
Home to CMU’s Leadership Institute, the Department of History offices, Affirmative Action, and the Department of Psychology graduate student offices
Powers Hall
47.3%
Consists of four person, single bedroom, two bathroom suites
Fabiano Hall
46.5%
Home to Music Residential College students
Herrig Hall
46.5%
'Leadership' Hall
Barnes Hall
45%
Part of the original Towers complex
Cobb Hall
45%
It was built as a men's hall, then became coed in 1970
Saxe Hall
44.2%
Houses the Education and Human Services Residential College
Sweeney Hall
44.2%
Home of many of CMU's honors program students
Troutman Hall
43.4%
Women's residence until fall 2007
Beddow Hall
41.9%
All the hallways are wide enough to fit a piano through
Music Building
41.9%
Home of the 'Diversity Cube'
Thorpe Hall
41.9%
Home of CMU's honors program students
Larzelere Hall
40.3%
Hints
Building Name
% Correct
Third part of North quad
Calkins Hall
37.2%
Houses the Jack Skoog Indoor Track, and the turf bay among other things
Indoor Athletic Center
37.2%
Opened in 1970 as a men's residence hall. It was co-
ed from 1974 to 1975, then women in 1975. It is currently co-
ed
Wheeler Hall
37.2%
Was built in 1960 as a men's dormitory
Merrill Hall
36.4%
Home to the psychology department
Sloan Hall
35.7%
Originally built as a library
Ronan Hall
35.7%
First co-
ed residence hall on campus
Carey Hall
34.9%
Consists of four person, single bedroom, two bathroom suites
Campbell Hall
34.1%
Opened Summer of 2009, home base for CMU's future teachers.
Education and Human Services Building
34.1%
Houses the departments of art and human environmental studies
Wightman Hall
33.3%
Home to University Health Services.
Foust Hall
31%
Consists of four person, single bedroom, two bathroom suites
Kesseler Hall
31%
Contains faculty offices from the departments of management and law, marketing and hospitality services administration
Smith Hall
28.7%
Houses the Museum
Rowe Hall
27.1%
Features technologically advanced classrooms, clinics and laboratories.
Health Professions Building
24.8%
'Home base' for visiting graduates, special alumni events
Carlin Alumni House
23.3%
We are glad you are here
CMU Welcome Center
22.5%
Please silence your cellphones and other sound and light emitting devices
Bush Theatre
20.2%
On-
campus housing complex
Washington Apartments
20.2%
On-
Campus living complex
Kewadin Village
19.4%
More than just finger painting
Art Gallery
17.1%
On-
campus housing complex
Northwest Apartments
16.3%
Home to ceramics and sculpture
North Art Studio
14.7%
Provides television programming to families throughout central and northern Michigan
Public Broadcasting
13.2%
Placed in the building are the CMU Police, Educational Materials Center, Facilities Management, Printing Services, University Stores, and the University Mailroom.
Combined Services
10.9%
Provides energy to all campus facilities and residences
Power House
10.9%
Features extensive laboratory space for electronics, robotics, automotive systems and graphic arts
Engineering and Technology Building
9.3%
Quiz Playlist
Details
Report
Send in Message
Add To Playlist
Classic:
Type in answers that appear in a list
Quiz Source
Last Updated: Feb 16, 2017
Quiz Scoreboard
CHALLENGE
Sign Up to Join the Scoreboard
Show All
Scores
Hide
Comments
May contain spoilers
Recently Published
NBA Finals Game Top Scorers (2010s)
by flibbidy
Sports
5m
Guess the 'R' Things in 3 Words
by MSUKent
Miscellaneous
3m
Actor to Badly Drawn Movie III
by MoMosMoProblems
Movies
5m
More to Explore
Quiz From the Vault
Featured Blog Post
Where Does Lost Luggage Go?
hide this ad
You Might Also Like...
Tags
University Quiz
Building
central
Central Michigan
michigan
University Buildings
Today's Top Quizzes in Geography
Browse Geography
hide this ad
Today's Top Quizzes in University
Browse University
Top Contributed Quizzes in Geography
1
Countries of the World - No Outlines Minefield
2
Find the Landmarks A-Z
3
Lietuvos savivaldybės (Lithuanian Municipalities)
4
Blind Ultimate Minefield: World
5
Find the US States - No Outlines
6
Ultimate Geography Challenge 'A'
7
3, 2, 1 or 0: Land Borders
8
Complete the Map Snippet (Minefield) IX
9
Nickname Match: U.S. States
10
Complete the Map Snippet (Minefield) X
Explore More
Trending Topics
Kpop
Crossword
Anime
Harry Potter
Disney
NBA
Marvel
Puzzle
The Office
WWE
NFL
Song
Country
Pokémon
Soccer
hide this ad
More By:
heckyapotato
Quiz
Plays
Rating
Category
Featured
Created
Central Michigan University Buildings
129
5.00
Geography
Jan 3, 2013
Go to Creator's Profile
Score Distribution
Quiz Creator Spotlight
heckyapotato
Follow
Send a Message
Quizzes Created
-
Created Quiz Play Count
-
More By This Creator
Popular Quizzes Today
1
Find the US States - No Outlines Minefield
2
Find the US States
3
The Countries of the World
4
10 Largest US States in Order
5
Find the Countries of Europe - No Outlines Minefield
6
US States
7
Guess the 'R' Things in 3 Words
8
NBA Finals Game Top Scorers (2010s)
More Geography Quizzes
Acrostic Trinidad and Tobago
Quiz Lab
Trending Quizzes
First Name TV: Leading Men
Match the Book to the Film II
3-Word Movies in 1 Word II
First Name TV: Leading Women Drama
Match the Book to the Film VI
Recently Updated
Women's Final Four Teams by Year
bhenderson79
Presidents Quartet II
eogle
Anything But Clue(do)
eogle
Anything But Oceanian Capitals
eogle
Anything But 7
eogle
Anything But Thing
eogle
Word Ladder: February 29
pecheneg
Song Title Questions
pecheneg
Women's NCAA Tournament #1 Seeds
pecheneg
Celebrity Mug Shots
pecheneg
Trending Topics
Disney
NBA
Crossword
Anime
Harry Potter
Kpop
Marvel
Country
Soccer
Puzzle
NFL
WWE
Pokémon
The Office
Song
Your Account Isn't Verified!
In order to create a playlist on Sporcle, you need to verify the email address you used during registration. Go to your
Sporcle Settings
to finish the process.
Report this User
Report this user for behavior that violates our
Community Guidelines
.
Details:
Send Report
Go to the Sporcle.com Mobile Site →
Comments